000 00829cam a22002653a 4500
001 10835
003 PGUSA
005 20140828083229.0
008 040101s2004||||xxu|||||s|||||000 p eng d
040 _aPGUSA
_beng
042 _adc
050 4 _aPR
100 1 _aJohnson, Samuel,
_d1709-1784
245 1 0 _aDr. Johnson's Works :
_bLife, Poems, and Tales, Volume 1 : The Works of Samuel Johnson, LL.D., in Nine Volumes
_h[electronic resource] /
_cSamuel Johnson
260 _bProject Gutenberg,
_c2004
506 _aPublic domain in the USA.
516 _aElectronic text
653 _aFiction
653 _aPoetry
653 _aJohnson, Samuel, 1709-1784. Correspondence
653 _aJohnson, Samuel, 1709-1784
830 0 _aProject Gutenberg
_v10835
856 4 0 _uhttp://www.gutenberg.org/ebooks/10835
942 _cEB
999 _c240090
_d240090